Chasse aux œufs de Pâques - Statistiques

Statistiques générales
  • Ce quiz a été pris 55 659 fois
  • Le résultat moyen est 7 sur 10
Réponses sur la Carte
Les réponses sont colorées sur une échelle allant du rouge au vert en fonction du pourcentage des utilisateurs qui les ont devinées à leur premier essai. Vous pouvez retrouver ces pourcentages ci-dessous.
 
Statistiques - réponses
Réponse % Correct
Royaume-Uni
98%
Turquie
94%
Afrique du Sud
88%
Pays-Bas
85%
Colombie
73%
Viêt Nam
73%
Algérie
70%
Kenya
70%
Palaos
37%
Antigua-et-Barbuda
30%
Aucun quiz correspondant
Distribution des résultats
% des personnes avec chaque résultat
Percentile par nombre de réponses
Votre historique - résultats
Vous n’avez pas pris ce quiz